| 000 | 00498nam a2200181Ia 4500 | ||
|---|---|---|---|
| 008 | 100920s9999 xx 000 0 und d | ||
| 082 |
_b80790 _a28 व 7 0 |
||
| 100 | _aANAND. | ||
| 245 | _aTHE SLEEPING BEAUTY. | ||
| 260 |
_bDBH Publishing House,Delhi. _c0 |
||
| 300 |
_a24 _bसाधी |
||
| 365 | _b16 | ||
| 520 | _aबा.वि.स्टोरी. | ||
| 630 | _aTHE SLEEPING BEAUTY. | ||
| 650 | _aबा.वि.स्टोरी. | ||
| 730 | _aTHE SLEEPING BEAUTY. | ||
| 942 | _cBOOK | ||
| 999 |
_c721658 _d721655 |
||